00896 2200325 4500001002100000005001500021035002000036007000300056008004100059040001700100100002800117245006200145250001200207300003300219041000800252082000800260084001400268090002200282264004300304336002100347337003000368338002300398650001500421850001000436504002400446990002500470990002500495990002500520990002500545INLIS00000000000832920260526105109 a0010-0922000818ta260526 0  aSBPUPADbind0 aKoes IriantoePengarang1 aTeknologi Budidaya :bAyam Buras Dan Itik /cKoes Irianto a.-Cet.1 avi,70 hlm :bilus ;c20,6 cm07aInd a636 a636 KOE t a636.3 SAR b L19-8 a.--Bandung :bDaya Cipta Unggul,c2007 2rdacontentateks 2rdamediaatanpa perantara 2rdacarrieravolume 4aPeternakan aPUPAD aBibliografi, hlm 69 a8580/H/APBD-PDG-2009 a8581/H/APBD-PDG-2009 a8578/H/APBD-PDG-2009 a8579/H/APBD-PDG-2009